A kiszolgálási színvonal mérése egy szállítmányozó vállalatnál

Bibliographic Details
Main Author: Réfi Katalin
Other Authors: Orbán Dr. Gabriella
Format: Thesis
Kulcsszavak:kiszolgálási színvonal
Online Access:http://dolgozattar.uni-bge.hu/1874

MARC

LEADER 00000nta a2200000 i 4500
001 dolg1874
005 20160210162002.0
008 150824suuuu hu om 000 hun d
040 |a BGE Dolgozattár Repozitórium  |b hun 
041 |a hu 
100 1 |a Réfi Katalin 
245 1 2 |a A kiszolgálási színvonal mérése egy szállítmányozó vállalatnál  |c Réfi Katalin  |h [elektronikus dokumentum] 
695 |a kiszolgálási színvonal 
700 1 |a Orbán Dr. Gabriella  |e ths 
856 4 0 |u http://dolgozattar.uni-bge.hu/1874/1/R%C3%A9fi_Katalin_h3a6em.pdf  |z Dokumentum-elérés